[Event "22OPENSETTIMANALE"]
[Site "?"]
[Date "2019.11.07"]
[Round "2"]
[White "PUGLIA, FRANCESCO."]
[Black "ARCERI, PAOLO."]
[Result "1-0"]
[WhiteElo "1916"]
[BlackElo "1554"]
[PlyCount "89"]
[SourceDate "2019.11.19"]

1. e4 e5 2. Nf3 Nc6 3. Bc4 Nf6 4. d3 Bc5 5. c3 d6 6. h3 Bb6 7. Nbd2 Na5 8. Bb5+
Bd7 9. a4 c6 10. Bc4 Nxc4 11. Nxc4 Bc7 12. Be3 h6 13. Qd2 Be6 14. b3 Qd7 15.
Qc2 g5 16. g4 c5 17. Ke2 O-O-O 18. b4 Nxe4 19. bxc5 Bxc4 20. dxc4 Qc6 21. Rab1
Ba5 22. Rb3 Nxc5 23. Rb5 Qc7 24. Rhb1 b6 25. Nd2 Rd7 26. Ne4 Ne6 27. Qd3 Nf4+
28. Bxf4 exf4 29. Qd5 Re8 30. Kf3 Re5 31. Qa8+ Qb8 32. Nxd6+ Rxd6 33. Qxb8+
Kxb8 34. Rxe5 Bxc3 35. Rd5 Rc6 36. a5 Kc7 37. a6 f6 38. c5 Ba5 39. Ke4 Rxc5 40.
Rxc5+ bxc5 41. Rb7+ Kc8 42. Rxa7 Kb8 43. Rh7 Bc3 44. Kd5 Bd4 45. f3 1-0

[Event "22OPENSETTIMANALE"]
[Site "?"]
[Date "2019.11.07"]
[Round "2"]
[White "ROBERTI, BRUNO."]
[Black "ABUHAMDIEH, NANDO."]
[Result "1-0"]
[WhiteElo "1889"]
[BlackElo "1522"]
[PlyCount "67"]
[SourceDate "2019.11.19"]

1. Nf3 d5 2. c4 e6 3. g3 Nf6 4. Bg2 Bd6 5. O-O O-O 6. d4 dxc4 7. Qc2 Nbd7 8.
Qxc4 Nb6 9. Qc2 c6 10. Nc3 Qc7 11. Bg5 Nfd5 12. e4 Nxc3 13. bxc3 h6 14. Be3 Nc4
15. e5 Be7 16. Nd2 Nxe3 17. fxe3 b5 18. Rf2 Bb7 19. Qe4 Rab8 20. Qg4 c5 21.
Bxb7 Rxb7 22. Ne4 cxd4 23. cxd4 Qd8 24. Nf6+ Kh8 25. Qe4 gxf6 26. Qxb7 fxe5 27.
dxe5 Bg5 28. Qe4 Qb6 29. Re1 a5 30. h4 Be7 31. Ref1 Bc5 32. Rxf7 Bxe3+ 33. Kg2
Rxf7 34. Rxf7 1-0

[Event "22OPENSETTIMANALE"]
[Site "?"]
[Date "2019.11.07"]
[Round "2"]
[White "RACCAH, ASCER."]
[Black "LUIGI, RINALDO."]
[Result "0-1"]
[WhiteElo "1549"]
[BlackElo "1771"]
[PlyCount "98"]
[SourceDate "2019.11.19"]

1. e4 c5 2. c3 g6 3. d4 cxd4 4. cxd4 d6 5. Bb5+ Nd7 6. Nc3 a6 7. Qa4 Bg7 8. Nf3
Ngf6 9. e5 dxe5 10. Nxe5 O-O 11. Bxd7 Nxd7 12. Nxd7 Bxd7 13. Qb4 Bc6 14. O-O
Bxd4 15. Bh6 Bg7 16. Rad1 Qc7 17. Bxg7 Kxg7 18. Rfe1 Rfe8 19. Re3 e5 20. Rde1
Rad8 21. Qh4 Rd4 22. Qg5 f6 23. Qg3 Qd7 24. f3 Rd2 25. R3e2 Qd4+ 26. Qf2 Rd8
27. Rxd2 Qxd2 28. Qxd2 Rxd2 29. Re2 Rxe2 30. Nxe2 Kf7 31. Kf2 Ke6 32. Nc3 b5
33. a3 h5 34. g3 Kd6 35. b4 g5 36. Ne4+ Bxe4 37. fxe4 Ke6 38. h3 f5 39. g4 hxg4
40. hxg4 fxe4 41. Ke2 Kd6 42. Kd2 e3+ 43. Kxe3 Kd5 44. Kd3 e4+ 45. Ke2 Kd4 46.
Kd2 e3+ 47. Ke1 Ke4 48. Ke2 Kf4 49. Ke1 Kxg4 0-1

[Event "22OPENSETTIMANALE"]
[Site "?"]
[Date "2019.11.07"]
[Round "2"]
[White "DURANTINI, FRANCESCO."]
[Black "NASCA, ANDREA."]
[Result "0-1"]
[WhiteElo "1499"]
[BlackElo "1582"]
[PlyCount "58"]
[SourceDate "2019.11.19"]

1. e4 Nf6 2. e5 Nd5 3. d4 d6 4. Nf3 dxe5 5. Nxe5 c6 6. c4 Nb4 7. Be3 Bf5 8. Nd3
e6 9. a3 Nxd3+ 10. Bxd3 Bd6 11. Bxf5 Qa5+ 12. Nd2 Qxf5 13. Nf3 Nd7 14. O-O h6
15. h3 O-O 16. b4 Nf6 17. Re1 b5 18. c5 Bc7 19. Bd2 Rad8 20. Bc3 Nd5 21. Bd2
Kh8 22. a4 a6 23. axb5 axb5 24. Ra6 Ne7 25. Ne5 Rxd4 26. Nxc6 Nxc6 27. Rxc6 Bf4
28. Qe2 Rxd2 29. Qxb5 Bg3 0-1

[Event "22OPENSETTIMANALE"]
[Site "?"]
[Date "2019.11.07"]
[Round "2"]
[White "CIARLA, MARIO."]
[Black "QUAGLIA, FERDINANDO."]
[Result "1-0"]
[WhiteElo "1713"]
[BlackElo "1496"]
[PlyCount "83"]
[SourceDate "2019.11.19"]

1. c4 Nf6 2. Nf3 d5 3. cxd5 Nxd5 4. Nc3 Nxc3 5. bxc3 Bf5 6. g3 c6 7. Bg2 e6 8.
O-O Be7 9. Re1 Nd7 10. d4 O-O 11. Qb3 Qb6 12. Bf4 Qxb3 13. axb3 Nb6 14. e4 Bg6
15. Ne5 c5 16. Nxg6 fxg6 17. Bh3 cxd4 18. Bxe6+ Kh8 19. cxd4 Nc8 20. Bd5 Bd6
21. Bxd6 Nxd6 22. e5 Nf5 23. Bxb7 Rab8 24. Rxa7 Nxd4 25. e6 Nb5 26. e7 Rfe8 27.
Ra8 Rxa8 28. Bxa8 Nd6 29. Bc6 Rb8 30. e8=Q+ Nxe8 31. Rxe8+ Rxe8 32. Bxe8 Kg8
33. f4 Kf8 34. Bc6 Ke7 35. b4 h6 36. b5 g5 37. fxg5 hxg5 38. g4 Kd6 39. Kf2 Ke5
40. Ke3 Kd6 41. Ke4 g6 42. h3 1-0

[Event "22OPENSETTIMANALE"]
[Site "?"]
[Date "2019.11.07"]
[Round "2"]
[White "COSTANTINI, CLAUDIO."]
[Black "BOLLA, VITTORIO."]
[Result "0-1"]
[WhiteElo "1440"]
[BlackElo "1576"]
[PlyCount "72"]
[SourceDate "2019.11.19"]

1. e4 e6 2. d4 d5 3. Nd2 Nf6 4. e5 Nfd7 5. Ngf3 c5 6. c3 Nc6 7. Be2 cxd4 8.
cxd4 Qb6 9. Nb3 Bb4+ 10. Bd2 f6 11. exf6 Nxf6 12. O-O Bd6 13. Bc3 O-O 14. Bd3
Qc7 15. Re1 Ng4 16. Bxh7+ Kh8 17. Ne5 Ngxe5 18. Qh5 Nf7 19. Bd3+ Nh6 20. Qg6
Kg8 21. Qh7+ Kf7 22. Qg6+ Ke7 23. Qxg7+ Nf7 24. Nc5 Bxc5 25. dxc5 d4 26. Bd2
Ke8 27. Bg6 Qe7 28. Bf4 Qxc5 29. Re4 Qe7 30. Rae1 Kd8 31. Bxf7 Qxf7 32. Qh6 Ke8
33. Bg3 Ne7 34. Rxd4 Nf5 35. Qf4 Nxd4 36. Qxd4 Bd7 0-1

[Event "22OPENSETTIMANALE"]
[Site "?"]
[Date "2019.11.07"]
[Round "2"]
[White "VANZAN, ALESSANDRO."]
[Black "DE CATALDO, ANTONIO."]
[Result "1-0"]
[WhiteElo "1572"]
[BlackElo "1229"]
[PlyCount "67"]
[SourceDate "2019.11.19"]

1. c4 e5 2. Nc3 Nf6 3. d3 d6 4. g3 Nc6 5. Nf3 Be7 6. Bg2 O-O 7. O-O Bd7 8. a3
Qc8 9. Nd5 Be6 10. Ng5 Bxd5 11. cxd5 Nb8 12. Bd2 Nbd7 13. b4 Rb8 14. Rc1 Qd8
15. h4 Nb6 16. e4 Rc8 17. Bh3 Ra8 18. Rc2 Nbd7 19. Qc1 Rc8 20. Qb2 c6 21. dxc6
bxc6 22. Be3 a5 23. Rfc1 axb4 24. axb4 Rb8 25. Rxc6 d5 26. b5 d4 27. Bd2 Ne8
28. Qc2 Nd6 29. Rc7 Nb6 30. Bb4 f6 31. Ne6 Qe8 32. Nxf8 Qxf8 33. Qc6 Qd8 34.
Bc5 1-0

[Event "22OPENSETTIMANALE"]
[Site "?"]
[Date "2019.11.21"]
[Round "4"]
[White "MARINO, GIOVANNI."]
[Black "CASTELFRANCHI, CARLO."]
[Result "1/2-1/2"]
[WhiteElo "1958"]
[BlackElo "1978"]
[PlyCount "56"]
[SourceDate "2019.11.19"]

1. b3 d5 2. Nf3 Nf6 3. Bb2 c5 4. e3 Nbd7 5. c4 dxc4 6. Bxc4 e6 7. O-O a6 8. d4
b5 9. Be2 cxd4 10. Nxd4 Bb7 11. Bf3 Qb6 12. Bxb7 Qxb7 13. Qf3 Qxf3 14. gxf3 Rc8
15. Nc3 Bb4 16. Rac1 O-O 17. Nb1 Ne5 18. Rxc8 Rxc8 19. Rc1 Rxc1+ 20. Bxc1 Nd3
21. Bd2 Bxd2 22. Nxd2 Kf8 23. a3 Ke8 24. Kf1 Nd5 25. Ke2 Nc1+ 26. Kd1 Nd3 27.
Ke2 Nc1+ 28. Kd1 Nd3 1/2-1/2

[Event "22OPENSETTIMANALE"]
[Site "?"]
[Date "2019.11.21"]
[Round "4"]
[White "BONAPOSTA, FABRIZIO."]
[Black "PALA, GIORGIO."]
[Result "1-0"]
[WhiteElo "2061"]
[BlackElo "2069"]
[PlyCount "63"]
[SourceDate "2019.11.19"]

1. d4 f5 2. e4 fxe4 3. Nc3 Nf6 4. Bg5 c6 5. f3 Qa5 6. Bd2 e3 7. Bxe3 e6 8. Bd3
Na6 9. a3 Be7 10. Nge2 O-O 11. O-O d6 12. h4 Qd8 13. Ne4 Nc7 14. Qe1 Ncd5 15.
Bd2 e5 16. c4 Nxe4 17. Bxe4 Nf6 18. Bd3 Be6 19. Bc3 Nd7 20. Rd1 Qe8 21. Ng3 Qf7
22. Qe2 Nb6 23. dxe5 Nxc4 24. exd6 Bd8 25. Ne4 Bb6+ 26. Nc5 Rad8 27. Kh1 Rfe8
28. Qe4 Nxd6 29. Qxh7+ Kf8 30. Bg6 Qg8 31. Qxg8+ Bxg8 32. Bxe8 1-0

[Event "22OPENSETTIMANALE"]
[Site "?"]
[Date "2019.11.21"]
[Round "4"]
[White "RENZI, ALESSIO."]
[Black "PUGLIA, FRANCESCO."]
[Result "0-1"]
[WhiteElo "1739"]
[BlackElo "1916"]
[PlyCount "80"]
[SourceDate "2019.11.19"]

1. e4 c5 2. Nf3 d6 3. d4 cxd4 4. Nxd4 Nf6 5. Nc3 a6 6. Be3 e5 7. Nb3 Be6 8. Bd3
Be7 9. O-O Nbd7 10. h3 Rc8 11. f4 exf4 12. Rxf4 Ne5 13. Nd4 O-O 14. Nxe6 fxe6
15. Qe2 Qa5 16. Raf1 b5 17. a3 Rc6 18. g4 h6 19. R4f2 Nh7 20. Bd4 b4 21. Rxf8+
Nxf8 22. axb4 Qxb4 23. Qf2 Nfg6 24. Bxe5 dxe5 25. Qf7+ Kh7 26. Ne2 Qd2 27. b3
Bg5 28. Qb7 Qe3+ 29. Kh2 Nf4 30. Nxf4 Bxf4+ 31. Rxf4 Qxf4+ 32. Kg2 Qd2+ 33. Kf3
Rc3 34. Qxa6 Qxc2 35. Ke3 Qc1+ 36. Ke2 Qb2+ 37. Ke3 Qxb3 38. Kd2 Qb2+ 39. Ke3
Qh2 40. Qxe6 Qg3+ 0-1

[Event "22OPENSETTIMANALE"]
[Site "?"]
[Date "2019.11.21"]
[Round "4"]
[White "MARINO, DANILO."]
[Black "RINALDO, LUIGI."]
[Result "1-0"]
[WhiteElo "1909"]
[BlackElo "1771"]
[PlyCount "71"]
[SourceDate "2019.11.19"]

1. e4 c5 2. d4 cxd4 3. c3 d6 4. cxd4 Nf6 5. Nc3 g6 6. Be3 a6 7. Qd2 Bg7 8. f3
Nbd7 9. Bh6 O-O 10. h4 Qb6 11. O-O-O Qc7 12. h5 Bxh6 13. Qxh6 Nxh5 14. g4 Nhf6
15. Nh3 Re8 16. Ng5 Nf8 17. Kb1 e6 18. Bd3 b5 19. e5 dxe5 20. Nce4 Nd5 21. Nxh7
f5 22. Nef6+ Nxf6 23. Nxf6+ Kf7 24. Nxe8 Kxe8 25. gxf5 gxf5 26. dxe5 Qxe5 27.
Rhe1 Qc5 28. Qh5+ Ke7 29. Bxf5 Kf6 30. Qh6+ Kf7 31. Be4 Ra7 32. Rc1 Qf2 33. Rf1
Qe2 34. Rg1 Bd7 35. Qg7+ Ke8 36. Qd4 1-0

[Event "22OPENSETTIMANALE"]
[Site "?"]
[Date "2019.11.21"]
[Round "4"]
[White "PASTORE, COSMAS."]
[Black "NASCA, ANDREA."]
[Result "1-0"]
[WhiteElo "1907"]
[BlackElo "1582"]
[PlyCount "83"]
[SourceDate "2019.11.19"]

1. e4 Nf6 2. Nc3 e5 3. Bc4 Nc6 4. d3 Bc5 5. f4 d6 6. f5 Ne7 7. Bg5 c6 8. Bxf6
gxf6 9. Qh5 d5 10. exd5 Bxf5 11. d6 Qxd6 12. Bxf7+ Kd8 13. O-O-O Be3+ 14. Kb1
Bg6 15. Bxg6 Nxg6 16. Ne4 Qe6 17. Nh3 Nf4 18. Nxf4 Bxf4 19. g3 Be3 20. Qf3 Bb6
21. Qxf6+ Qxf6 22. Nxf6 Ke7 23. Rhf1 Raf8 24. Ne4 Rxf1 25. Rxf1 Bc7 26. Kc1 Rf8
27. Rxf8 Kxf8 28. Kd1 Kg7 29. Ke2 Kg6 30. g4 Bd8 31. Kf3 Be7 32. Ng3 Bg5 33.
Nf5 b5 34. b4 Bd8 35. Ke4 Kf6 36. g5+ Ke6 37. Ne3 a5 38. Ng4 Bc7 39. Nf6 h6 40.
Ne8 Bd8 41. gxh6 Kf7 42. h7 1-0

[Event "22OPENSETTIMANALE"]
[Site "?"]
[Date "2019.11.21"]
[Round "4"]
[White "AGOSTINI, MAURIZIO."]
[Black "ROCCHI, FEDERICO."]
[Result "0-1"]
[WhiteElo "1746"]
[BlackElo "1893"]
[PlyCount "64"]
[SourceDate "2019.11.19"]

1. d4 g6 2. c4 Bg7 3. Nc3 c5 4. d5 e5 5. e4 d6 6. Nf3 Ne7 7. h3 O-O 8. g4 h6 9.
Rg1 Na6 10. h4 Nc7 11. Be3 Bd7 12. Be2 Rb8 13. Qd2 Kh7 14. O-O-O Ng8 15. g5 h5
16. Ne1 b5 17. Bf3 bxc4 18. Qe2 Nb5 19. Qxc4 Qa5 20. Qa4 Qb6 21. Nxb5 Bxb5 22.
Qc2 a5 23. Be2 Ba4 24. b3 Bd7 25. Nd3 Rfc8 26. Kd2 a4 27. b4 f5 28. gxf6 Nxf6
29. f3 Bh6 30. f4 exf4 31. Bxf4 cxb4 32. Qb2 Nxe4+ 0-1

[Event "22OPENSETTIMANALE"]
[Site "?"]
[Date "2019.11.21"]
[Round "4"]
[White "GIUSEPPONI, FERRUCCIO."]
[Black "ROBERTI, BRUNO."]
[Result "0-1"]
[WhiteElo "1413"]
[BlackElo "1889"]
[PlyCount "65"]
[SourceDate "2019.11.19"]

1. d4 f5 2. g3 Nf6 3. Bg2 d5 4. Nf3 e6 5. O-O Bd6 6. b3 Qe7 7. Bb2 O-O 8. Nbd2
c6 9. Re1 Bd7 10. e3 Be8 11. Qe2 Bh5 12. Qd3 Ne4 13. Ne5 Nd7 14. f4 Ndf6 15. a3
Rac8 16. c4 Nxd2 17. Qxd2 Ne4 18. Bxe4 fxe4 19. c5 Bxe5 20. dxe5 Bf3 21. Qd4
Qf7 22. Rf1 Qh5 23. Rxf3 Qxf3 24. Rf1 Qe2 25. Rd1 Rc7 26. Rd2 Qg4 27. Rf2 h5
28. f5 Rxf5 29. Rxf5 Qxf5 30. Qd2 Rf7 31. Qg2 Qg4 32. h3 Qd1+ 33. Kh2 0-1

[Event "22OPENSETTIMANALE"]
[Site "?"]
[Date "2019.11.21"]
[Round "4"]
[White "DE GUISA , MICHELE."]
[Black "CIARLA, MARIO."]
[Result "1-0"]
[WhiteElo "1430"]
[BlackElo "1713"]
[PlyCount "63"]
[SourceDate "2019.11.19"]

1. e4 e6 2. Bc4 d5 3. exd5 exd5 4. Bb3 Nf6 5. Nf3 Bc5 6. d4 Bb6 7. O-O O-O 8.
c3 Bg4 9. Bg5 Nbd7 10. Bxd5 c6 11. Bb3 h6 12. Bh4 g5 13. Bg3 Nh5 14. Nbd2 Nxg3
15. fxg3 c5 16. Nc4 Qc7 17. Nxb6 Qxb6 18. c4 Rad8 19. d5 Qd6 20. Qd3 Ne5 21.
Nxe5 Qxe5 22. h3 Be2 23. Rfe1 Rfe8 24. Qd2 Qd4+ 25. Qxd4 cxd4 26. c5 d3 27. Bc4
Rc8 28. b4 f5 29. d6+ Kf8 30. d7 Red8 31. dxc8=Q Rxc8 32. Kf2 1-0

[Event "22OPENSETTIMANALE"]
[Site "?"]
[Date "2019.11.21"]
[Round "4"]
[White "VANZAN, ALESSANDRO."]
[Black "GIANNANDREA , FABIO."]
[Result "0-1"]
[WhiteElo "1572"]
[BlackElo "1438"]
[PlyCount "112"]
[SourceDate "2019.11.19"]

1. c4 e6 2. g3 d5 3. Bg2 Nf6 4. cxd5 exd5 5. Nf3 Be7 6. O-O O-O 7. d3 b6 8. Bd2
Bb7 9. Na3 Nbd7 10. Rc1 c5 11. Bf4 Nh5 12. e3 Nxf4 13. exf4 Re8 14. Re1 Bf6 15.
Qd2 a6 16. Rxe8+ Qxe8 17. Re1 Qd8 18. Ne5 Qc7 19. Ng4 Bd4 20. Re7 Qd6 21. Qe2
Kf8 22. Re5 Nxe5 23. fxe5 Qe7 24. b3 Re8 25. Nc2 Bxe5 26. Qf3 h5 27. Nge3 d4
28. Qxb7 Qxb7 29. Bxb7 dxe3 30. fxe3 a5 31. Be4 g6 32. Kf2 Rd8 33. Na3 f5 34.
Bc6 Rxd3 35. Nc4 Bc7 36. Ke2 Rd8 37. Nd2 g5 38. Nf3 h4 39. Nxg5 Rd6 40. Bb5
hxg3 41. hxg3 Rg6 42. Nh7+ Kg7 43. Bd3 Bxg3 44. Bxf5 Rh6 45. Kf3 Bh4 46. Kg4
Be7 47. e4 b5 48. Ng5 Bxg5 49. Kxg5 c4 50. bxc4 bxc4 51. e5 Rb6 52. e6 Rb5 53.
Kg4 c3 54. Bc2 Rb2 55. e7 Kf7 56. Ba4 Kxe7 0-1

[Event "22OPENSETTIMANALE"]
[Site "?"]
[Date "2019.11.21"]
[Round "4"]
[White "TAMBURRINI, ANDREA."]
[Black "COSTANTINI, CLAUDIO."]
[Result "1-0"]
[WhiteElo "1238"]
[BlackElo "1440"]
[PlyCount "85"]
[SourceDate "2019.11.19"]

1. e4 e5 2. Nf3 Nc6 3. d4 exd4 4. Nxd4 Bc5 5. Nxc6 Qf6 6. Qf3 bxc6 7. Bc4 Qxf3
8. gxf3 Ne7 9. O-O d5 10. Bb3 O-O 11. Bf4 Bb6 12. Nc3 Be6 13. Rad1 Rad8 14. Na4
c5 15. Nxb6 cxb6 16. Ba4 d4 17. Bc7 Rc8 18. Bd6 Ng6 19. Bxf8 Kxf8 20. Kg2 f6
21. Kg3 Ne5 22. Bb5 Ke7 23. b3 Nf7 24. f4 Nd6 25. Bd3 f5 26. Rfe1 g6 27. e5 Nf7
28. h4 h5 29. Rg1 Nd8 30. Kh3 Kf7 31. Rg5 Nc6 32. Re1 Nb4 33. Reg1 Nd5 34. Kg3
Nb4 35. Bc4 Bxc4 36. bxc4 Nxa2 37. Ra1 Nc3 38. Rxa7+ Kf8 39. Rxg6 Ne4+ 40. Kf3
Nd2+ 41. Ke2 Nxc4 42. e6 Re8 43. Rf7# 1-0

[Event "22OPENSETTIMANALE"]
[Site "?"]
[Date "2019.11.28"]
[Round "5"]
[White "ROCCHI, FEDERICO."]
[Black "MARINO, GIOVANNI."]
[Result "1-0"]
[WhiteElo "1893"]
[BlackElo "1958"]
[PlyCount "79"]
[SourceDate "2019.11.19"]

1. c4 e5 2. g3 Nf6 3. Bg2 d5 4. cxd5 Nxd5 5. Nc3 Nb6 6. Nf3 Nc6 7. O-O Be7 8.
a3 Be6 9. b4 O-O 10. Rb1 f6 11. d3 a5 12. b5 Nd4 13. Nd2 Nd5 14. Nxd5 Bxd5 15.
Bxd5+ Qxd5 16. a4 b6 17. Bb2 Ne6 18. Qb3 Qxb3 19. Nxb3 Nc5 20. Ba3 Nxb3 21.
Rxb3 Bxa3 22. Rxa3 Rfd8 23. Rc1 Rd7 24. Rac3 Ra7 25. Kf1 Kf7 26. e3 Ke7 27. Ke2
Kd8 28. Rc6 Re7 29. R1c4 Kd7 30. f4 exf4 31. gxf4 Re6 32. Rd4+ Ke7 33. f5 Rxc6
34. bxc6 b5 35. axb5 a4 36. Rd7+ Ke8 37. b6 Ra8 38. b7 Rb8 39. Kd2 a3 40. Kc2
1-0

[Event "22OPENSETTIMANALE"]
[Site "?"]
[Date "2019.11.28"]
[Round "5"]
[White "PUGLIA, FRANCESCO."]
[Black "MARINO, DANILO."]
[Result "1-0"]
[WhiteElo "1916"]
[BlackElo "1909"]
[PlyCount "33"]
[SourceDate "2019.11.19"]

1. e4 b6 2. d4 Bb7 3. Bd3 Nf6 4. Nd2 e6 5. Ne2 c5 6. c3 Nc6 7. O-O cxd4 8. cxd4
Nb4 9. Bb1 Ba6 10. e5 Nfd5 11. Ne4 Qc7 12. Re1 Rc8 13. N2c3 Bb7 14. Nb5 Qb8 15.
Ned6+ Bxd6 16. Nxd6+ Kf8 17. Qh5 1-0

[Event "22OPENSETTIMANALE"]
[Site "?"]
[Date "2019.11.28"]
[Round "5"]
[White "GENSABELLA, PAOLO."]
[Black "PASTORE, COSMAS."]
[Result "0-1"]
[WhiteElo "1739"]
[BlackElo "1907"]
[PlyCount "66"]
[SourceDate "2019.11.19"]

1. d4 d5 2. c4 c6 3. Nc3 Nf6 4. Nf3 dxc4 5. e4 b5 6. e5 Nd5 7. a4 Nxc3 8. bxc3
e6 9. Be2 Be7 10. O-O O-O 11. Qc2 Nd7 12. Nd2 Nb6 13. axb5 cxb5 14. Bf3 Nd5 15.
Ne4 Bb7 16. h4 a6 17. Ng5 Bxg5 18. Bxg5 Qc7 19. Be4 h6 20. Bd2 Ne7 21. g4 Bxe4
22. Qxe4 Qc6 23. Qe2 Ng6 24. h5 Ne7 25. f3 Rfb8 26. Kh2 b4 27. g5 bxc3 28. Bc1
hxg5 29. Rf2 Nf5 30. Qd1 Qd5 31. Bxg5 Qxd4 32. Qxd4 Nxd4 33. h6 Rb2 0-1

[Event "22OPENSETTIMANALE"]
[Site "?"]
[Date "2019.11.28"]
[Round "5"]
[White "PALA, GIORGIO."]
[Black "LUIGI, RINALDO."]
[Result "1-0"]
[WhiteElo "2069"]
[BlackElo "1771"]
[PlyCount "31"]
[SourceDate "2019.11.19"]

1. e4 c5 2. Nc3 Nc6 3. Bb5 g6 4. Bxc6 bxc6 5. d3 Bg7 6. f4 d6 7. Nf3 Nf6 8. O-O
Qb6 9. Kh1 O-O 10. Qe1 Qc7 11. Qh4 e5 12. f5 h5 13. fxg6 fxg6 14. Qg5 Qf7 15.
Nh4 Nxe4 16. Rxf7 1-0

[Event "22OPENSETTIMANALE"]
[Site "?"]
[Date "2019.11.28"]
[Round "5"]
[White "ROBERTI, BRUNO."]
[Black "DE GUISA, MICHELE."]
[Result "1-0"]
[WhiteElo "1889"]
[BlackElo "1430"]
[PlyCount "73"]
[SourceDate "2019.11.19"]

1. Nf3 d6 2. g3 b6 3. Bg2 Bb7 4. c4 e5 5. d3 Nc6 6. Nc3 Nf6 7. O-O Rb8 8. Qa4
Be7 9. Nxe5 dxe5 10. Bxc6+ Bxc6 11. Qxc6+ Qd7 12. Qxd7+ Nxd7 13. Nd5 Bd8 14. f4
c6 15. Nb4 Rc8 16. fxe5 Nxe5 17. b3 a5 18. Nc2 c5 19. Bb2 f6 20. Ne3 O-O 21.
Bxe5 fxe5 22. Rxf8+ Kxf8 23. Rf1+ Kg8 24. Nd5 Rc6 25. e4 h5 26. Rf5 h4 27. Rxe5
Bf6 28. Rf5 hxg3 29. hxg3 Bd4+ 30. Kg2 Kh7 31. g4 Bf6 32. Kf3 Bd8 33. Kf4 g6
34. Rf7+ Kg8 35. Rd7 Bh4 36. g5 Bf2 37. Ne7+ 1-0

[Event "22OPENSETTIMANALE"]
[Site "?"]
[Date "2019.11.28"]
[Round "5"]
[White "NASCA, ANDREA."]
[Black "AGOSTINI, MAURIZIO."]
[Result "0-1"]
[WhiteElo "1582"]
[BlackElo "1746"]
[PlyCount "46"]
[SourceDate "2019.11.19"]

1. e4 c5 2. Nf3 g6 3. d4 cxd4 4. Nxd4 Bg7 5. Nc3 Nc6 6. Nde2 Nf6 7. g3 d6 8.
Bg2 O-O 9. O-O Bd7 10. h3 Rc8 11. Be3 Na5 12. Qc1 Re8 13. Bh6 Bh8 14. Rd1 Qc7
15. Nd4 a6 16. a4 Nc4 17. Na2 Qc5 18. b3 Nh5 19. g4 Bxd4 20. Rxd4 Qxd4 21. gxh5
Na5 22. hxg6 hxg6 23. Bd2 Nxb3 0-1

[Event "22OPENSETTIMANALE"]
[Site "?"]
[Date "2019.11.28"]
[Round "5"]
[White "GIANNANDREA, FABIO."]
[Black "TAMBURRINI, ANDREA."]
[Result "1-0"]
[WhiteElo "1438"]
[BlackElo "1238"]
[PlyCount "97"]
[SourceDate "2019.11.19"]

1. d4 d5 2. c4 e6 3. Nc3 Bb4 4. Bf4 Nf6 5. e3 O-O 6. Bd3 Nc6 7. Nf3 Bd6 8. Bg5
Be7 9. cxd5 Nxd5 10. Bxe7 Qxe7 11. O-O Nf6 12. Rc1 Rd8 13. Ne4 e5 14. Nxf6+
gxf6 15. Bb1 e4 16. Qc2 Bf5 17. Nh4 Bg6 18. Nxg6 fxg6 19. Qxe4 Re8 20. Qc2 Rad8
21. Rfd1 Qe6 22. a3 Kg7 23. h3 f5 24. Qc3 Kh6 25. b4 a6 26. Qc2 Qe7 27. d5 Na7
28. Qxc7 Nb5 29. Qxe7 Rxe7 30. a4 Nd6 31. Re1 Ne4 32. f3 Nf6 33. e4 fxe4 34.
fxe4 Rde8 35. Kf2 Kg7 36. d6 Nxe4+ 37. Rxe4 Rxe4 38. Bxe4 Rxe4 39. Rc7+ Kf6 40.
Rxb7 Re8 41. Rxh7 Rd8 42. d7 Ke6 43. h4 Rxd7 44. Rxd7 Kxd7 45. g4 Ke6 46. Ke3
Ke5 47. b5 axb5 48. axb5 Kd5 49. h5 1-0

[Event "22OPENSETTIMANALE"]
[Site "?"]
[Date "2019.12.05"]
[Round "6"]
[White "PASTORE, COSMAS."]
[Black "CASTELFRANCHI, CARLO."]
[Result "1/2-1/2"]
[WhiteElo "1907"]
[BlackElo "1978"]
[PlyCount "84"]
[SourceDate "2019.11.19"]

1. e4 Nf6 2. Nc3 d5 3. e5 d4 4. exf6 dxc3 5. fxg7 cxd2+ 6. Bxd2 Bxg7 7. c3 Qd5
8. Nf3 Nc6 9. Be3 Be6 10. Qxd5 Bxd5 11. Bb5 a6 12. Bxc6+ Bxc6 13. O-O-O Bf6 14.
Rhg1 Rg8 15. Bd4 Bxd4 16. Nxd4 Bd5 17. b3 c5 18. Nf5 e6 19. Ne3 Bc6 20. f4 Ke7
21. Rd2 Rad8 22. Rgd1 Rxd2 23. Rxd2 h5 24. g3 h4 25. g4 h3 26. Rf2 Be4 27. Rf1
f5 28. Re1 fxg4 29. Nxg4 Rxg4 30. Rxe4 Rg2 31. f5 Rxh2 32. Rxe6+ Kf7 33. Rh6 b5
34. a4 bxa4 35. bxa4 c4 36. a5 Kg7 37. Rg6+ Kf7 38. Rh6 Rh1+ 39. Kb2 Rh2+ 40.
Kb1 Kg7 41. Rg6+ Kf7 42. Rh6 Kg7 1/2-1/2

[Event "22OPENSETTIMANALE"]
[Site "?"]
[Date "2019.12.05"]
[Round "6"]
[White "PALA, GIORGIO."]
[Black "ROCCHI, FEDERICO."]
[Result "1-0"]
[WhiteElo "2069"]
[BlackElo "1893"]
[PlyCount "97"]
[SourceDate "2019.11.19"]

1. e4 g6 2. d4 Bg7 3. Nc3 c5 4. d5 d6 5. Bb5+ Bd7 6. a4 Nf6 7. Nf3 O-O 8. O-O
Bg4 9. Be2 Na6 10. h3 Bxf3 11. Bxf3 Nc7 12. Be3 b6 13. Qd2 Rb8 14. Be2 a6 15.
f4 Nd7 16. Ra2 Qc8 17. Bf3 Qb7 18. e5 f5 19. exf6 Nxf6 20. Ne4 b5 21. axb5 axb5
22. Nxc5 dxc5 23. d6 Ncd5 24. dxe7 Rf7 25. Bxc5 Qc7 26. b4 Nxf4 27. Ra7 Nxh3+
28. gxh3 Qg3+ 29. Qg2 Qe5 30. Rd1 Bh6 31. Kh1 Re8 32. Bd6 Qe3 33. Bc5 Qf4 34.
Re1 Qh4 35. Re2 Nh5 36. Bf2 Qg5 37. Qxg5 Bxg5 38. Bd5 Nf4 39. Bxf7+ Kxf7 40.
Re5 Nxh3 41. Be1 h6 42. Rxb5 Bxe7 43. Rbb7 Ke6 44. Bg3 Bf8 45. Kg2 Ng5 46. c4
Kf5 47. Ra2 h5 48. Rf2+ Ke6 49. Re2+ 1-0

[Event "22OPENSETTIMANALE"]
[Site "?"]
[Date "2019.12.05"]
[Round "6"]
[White "MARINO, GIOVANNI."]
[Black "AGOSTINI, MAURIZIO."]
[Result "1-0"]
[WhiteElo "1958"]
[BlackElo "1746"]
[PlyCount "95"]
[SourceDate "2019.11.19"]

1. Nf3 d5 2. d4 e6 3. c4 c6 4. Qc2 dxc4 5. Qxc4 b5 6. Qc2 Bb7 7. e4 a6 8. Be3
Nd7 9. Nbd2 Ngf6 10. Be2 Rc8 11. Rc1 c5 12. Qb1 cxd4 13. Rxc8 Qxc8 14. Nxd4 Bb4
15. f3 O-O 16. O-O Qb8 17. Kh1 Rd8 18. N2b3 Bd6 19. Na5 Rc8 20. Nxb7 Qxb7 21.
Nb3 Nc5 22. Nxc5 Bxc5 23. Bxc5 Rxc5 24. Rc1 Qc7 25. Rxc5 Qxc5 26. Qg1 Qd6 27.
Qd1 Qxd1+ 28. Bxd1 a5 29. a3 b4 30. axb4 axb4 31. Kg1 Kf8 32. Kf2 e5 33. Ke3
Nd7 34. Kd3 Nb6 35. Kc2 Nc4 36. Kb3 Ne3 37. Be2 Nxg2 38. Kxb4 Ne3 39. Bd3 Ke7
40. Kc5 Kd7 41. b4 g5 42. Kb6 g4 43. Ka7 gxf3 44. b5 f2 45. b6 Nc2 46. b7 Nb4
47. Bb5+ Ke7 48. Kb6 1-0

[Event "22OPENSETTIMANALE"]
[Site "?"]
[Date "2019.12.05"]
[Round "6"]
[White "MARINO, DANILO."]
[Black "GIANNANDREA, FABIO."]
[Result "1/2-1/2"]
[WhiteElo "1909"]
[BlackElo "1438"]
[PlyCount "134"]
[SourceDate "2019.11.19"]

1. e4 d5 2. exd5 Qxd5 3. Nc3 Qa5 4. b4 Qxb4 5. Rb1 Qd6 6. Nf3 Nf6 7. Bc4 e6 8.
Nb5 Qd8 9. a4 Be7 10. Bb2 b6 11. Qe2 Bb7 12. O-O O-O 13. Ne5 Nbd7 14. Nxf7 Kxf7
15. Qxe6+ Ke8 16. d4 a6 17. Nc3 Nh5 18. Bc1 Ndf6 19. Re1 Qd7 20. Ba3 Qxe6 21.
Rxe6 Ng8 22. Rbe1 Nf4 23. Bxe7 Nxe6 24. Bxf8 Kxf8 25. Rxe6 Nf6 26. f3 Rd8 27.
Ne2 Bd5 28. Bxd5 Nxd5 29. Rc6 Rd6 30. Rxd6 cxd6 31. Kf2 Nb4 32. c3 Nd3+ 33. Ke3
Nb2 34. Ke4 Ke7 35. Kd5 Kd7 36. a5 bxa5 37. c4 a4 38. c5 a3 39. Nc3 a5 40. c6+
Ke7 41. Na2 Nd3 42. Kc4 Nb4 43. Kb3 Nxc6 44. Kxa3 Nxd4 45. Nc3 Ke6 46. Ka4 Nc6
47. Kb5 Nb4 48. Kxa5 Nd3 49. g3 g5 50. Ne4 h6 51. Kb5 d5 52. Nd2 Ke5 53. Kc6
Nb4+ 54. Kd7 Kd4 55. f4 g4 56. f5 Ke5 57. f6 Kxf6 58. Kd6 Kf5 59. Kc5 Nc2 60.
Kxd5 Ne1 61. Nf1 Nf3 62. Ne3+ Kg5 63. Nf1 h5 64. Ke4 h4 65. gxh4+ Kxh4 66. Ne3
Nxh2 67. Nxg4 Nxg4 1/2-1/2